Statistics for Stops of the Seattle "Link" Light Rail

Click here to take the quiz!

General Stats

  • This quiz has been taken 82 times
  • The average score is 10 of 15

Answer Stats

Answer% Correct
Seatac / Airport
92%
International District / Chinatown
81%
Capitol Hill
76%
University of Washington
75%
Westlake
73%
SODO
70%
Pioneer Square
62%
Stadium
62%
Rainier Beach
60%
Tukwila International Boulevard
57%
Othello
54%
University Street
52%
Beacon Hill
51%
Columbia City
46%
Mount Baker
43%

Score Distribution

Percentile by Number Answered

Percent of People with Each Score

Your Score History

You have not taken this quiz